Origin of the land tenure system in the United States (Record no. 367493)

000 -LEADER
fixed length control field 00389cam a22001217a 4500
008 - FIXED-LENGTH DATA ELEMENTS--GENERAL INFORMATION
fixed length control field 180718b1953 xxu||||| |||| 00| 0 eng d
082 ## - DEWEY DECIMAL CLASSIFICATION NUMBER
Classification number Y15x73 H242
100 ## - MAIN ENTRY--PERSONAL NAME
Personal name Harris, Marshall
245 ## - TITLE STATEMENT
Title Origin of the land tenure system in the United States
Statement of responsibility, etc. by Marshall Harris
260 ## - PUBLICATION, DISTRIBUTION, ETC.
Place of publication, distribution, etc. Ames
Name of publisher, distributor, etc. Lowa State College Press
Date of publication, distribution, etc. 1953
300 ## - PHYSICAL DESCRIPTION
Extent 445p.
650 ## - SUBJECT ADDED ENTRY--TOPICAL TERM
Topical term or geographic name entry element Land tenure --United States --History
Holdings
Withdrawn status Lost status Damaged status Not for loan Permanent Location Current Location Date acquired Full call number Barcode Date last seen Price effective from Koha item type
        Indian Institute of Public Administration Indian Institute of Public Administration 1994-05-13 Y15x73 H242 14050 2018-07-21 2018-07-21 Book

Powered by Koha